<?xml version="1.0" encoding="UTF-8"?>
<record
    xmlns:xsi="http://www.w3.org/2001/XMLSchema-instance"
    xsi:schemaLocation="http://www.loc.gov/MARC21/slim http://www.loc.gov/standards/marcxml/schema/MARC21slim.xsd"
    xmlns="http://www.loc.gov/MARC21/slim">

  <leader>01972nam a2200445 a 4500</leader>
  <datafield tag="999" ind1=" " ind2=" ">
    <subfield code="c">22651</subfield>
    <subfield code="d">22651</subfield>
  </datafield>
  <controlfield tag="001">C00604531</controlfield>
  <controlfield tag="003">OSt</controlfield>
  <controlfield tag="005">20221212103822.0</controlfield>
  <controlfield tag="007">ta</controlfield>
  <controlfield tag="008">220223s2021    pe a   g      00010 spa</controlfield>
  <datafield tag="017" ind1=" " ind2=" ">
    <subfield code="a">2021-06903</subfield>
  </datafield>
  <datafield tag="020" ind1=" " ind2=" ">
    <subfield code="a">9786124842283</subfield>
  </datafield>
  <datafield tag="040" ind1=" " ind2=" ">
    <subfield code="a">pelibn </subfield>
    <subfield code="b">spa </subfield>
    <subfield code="e">rda </subfield>
    <subfield code="c">pelibn</subfield>
  </datafield>
  <datafield tag="041" ind1=" " ind2=" ">
    <subfield code="a">spa</subfield>
    <subfield code="a">eng</subfield>
  </datafield>
  <datafield tag="082" ind1="1" ind2="4">
    <subfield code="a">985.019</subfield>
  </datafield>
  <datafield tag="100" ind1="1" ind2=" ">
    <subfield code="a">Ossio A., Juan M,</subfield>
    <subfield code="d">1943-,</subfield>
    <subfield code="e">autor.</subfield>
    <subfield code="9">48771</subfield>
  </datafield>
  <datafield tag="245" ind1="1" ind2="3">
    <subfield code="a">El Tahuantinsuyo de los incas :</subfield>
    <subfield code="b">historia e instituciones del &#xFA;ltimo estado prehisp&#xE1;nico andino = The incas&#xB4;Tahuantinsuyu : the history and institutions of the last pre-hispanic andean state /</subfield>
    <subfield code="c">Juan Ossio Acu&#xF1;a ; [traducci&#xF3;n, Katherine Mills ; prefacio, Paulo Pantigoso].</subfield>
  </datafield>
  <datafield tag="246" ind1="3" ind2="1">
    <subfield code="i">T&#xED;tulo paralelo :</subfield>
    <subfield code="a">The incas' Tahuantinsuyu : the history and institutions of the last pre-hispanic andean state</subfield>
  </datafield>
  <datafield tag="264" ind1="3" ind2="1">
    <subfield code="a">Lima :</subfield>
    <subfield code="b">EY, Ernest &amp; Young Per&#xFA;,</subfield>
    <subfield code="c">2021.</subfield>
  </datafield>
  <datafield tag="264" ind1="3" ind2="3">
    <subfield code="a">Lima :</subfield>
    <subfield code="b">Comunica-2.</subfield>
  </datafield>
  <datafield tag="300" ind1=" " ind2=" ">
    <subfield code="a">531 p&#xE1;ginas. :</subfield>
    <subfield code="b">ilustraciones en color, diagramas, facsimil, mapas, retratos ;</subfield>
    <subfield code="c">29 cm.</subfield>
  </datafield>
  <datafield tag="336" ind1=" " ind2=" ">
    <subfield code="a">Texto </subfield>
    <subfield code="2">rdacontent</subfield>
  </datafield>
  <datafield tag="337" ind1=" " ind2=" ">
    <subfield code="a">sin mediaci&#xF3;n </subfield>
    <subfield code="2">rdamedia</subfield>
  </datafield>
  <datafield tag="338" ind1=" " ind2=" ">
    <subfield code="a">volumen </subfield>
    <subfield code="2">rdacarrier</subfield>
  </datafield>
  <datafield tag="500" ind1=" " ind2=" ">
    <subfield code="a">Texto con encuadernaci&#xF3;n en tapa dura.</subfield>
  </datafield>
  <datafield tag="500" ind1=" " ind2=" ">
    <subfield code="a">"Edici&#xF3;n de conmemoraci&#xF3;n del Bicentenario de la Independencia del Per&#xFA;"</subfield>
  </datafield>
  <datafield tag="504" ind1=" " ind2=" ">
    <subfield code="a">Bibliograf&#xED;a: p&#xE1;ginas 525-531.</subfield>
  </datafield>
  <datafield tag="546" ind1=" " ind2=" ">
    <subfield code="a">Texto en ingl&#xE9;s y espa&#xF1;ol.</subfield>
  </datafield>
  <datafield tag="650" ind1="1" ind2="8">
    <subfield code="a">Incas</subfield>
    <subfield code="x">-Historia.</subfield>
    <subfield code="9">48205</subfield>
  </datafield>
  <datafield tag="650" ind1="1" ind2="8">
    <subfield code="a">Inkas</subfield>
    <subfield code="9">1899</subfield>
  </datafield>
  <datafield tag="650" ind1="2" ind2="8">
    <subfield code="a">Incas</subfield>
    <subfield code="x">-Aspectos religiosos.</subfield>
    <subfield code="9">48772</subfield>
  </datafield>
  <datafield tag="650" ind1="2" ind2="8">
    <subfield code="a">Incas</subfield>
    <subfield code="x">-Aspectos econ&#xF3;micos</subfield>
    <subfield code="z">-Per&#xFA;.</subfield>
    <subfield code="9">48773</subfield>
  </datafield>
  <datafield tag="651" ind1=" " ind2="8">
    <subfield code="a">Per&#xFA;</subfield>
    <subfield code="x">-Historia</subfield>
    <subfield code="y">-&#xC9;poca Prehisp&#xE1;nica.</subfield>
    <subfield code="9">48011</subfield>
  </datafield>
  <datafield tag="700" ind1="1" ind2=" ">
    <subfield code="a">Mills, Katherine,</subfield>
    <subfield code="e">traductor.</subfield>
    <subfield code="9">48774</subfield>
  </datafield>
  <datafield tag="700" ind1="1" ind2=" ">
    <subfield code="a">Pantigoso, Paulo,</subfield>
    <subfield code="d">1972-</subfield>
    <subfield code="9">48775</subfield>
  </datafield>
  <datafield tag="710" ind1="2" ind2=" ">
    <subfield code="a">EY, Ernst &amp; Young Per&#xFA;,</subfield>
    <subfield code="e">entidad editora.</subfield>
    <subfield code="9">48776</subfield>
  </datafield>
  <datafield tag="856" ind1=" " ind2=" ">
    <subfield code="u">https://assets.ey.com/content/dam/ey-sites/ey-com/es_pe/topics/growth/ey-el-tahuantinsuyo-de-los-incas.pdf</subfield>
    <subfield code="z">Leer en digital</subfield>
  </datafield>
  <datafield tag="942" ind1=" " ind2=" ">
    <subfield code="2">ddc</subfield>
    <subfield code="c">LIBROS</subfield>
  </datafield>
  <datafield tag="952" ind1=" " ind2=" ">
    <subfield code="0">0</subfield>
    <subfield code="1">0</subfield>
    <subfield code="2">ddc</subfield>
    <subfield code="4">0</subfield>
    <subfield code="7">0</subfield>
    <subfield code="a">SH</subfield>
    <subfield code="b">SH</subfield>
    <subfield code="c">CART</subfield>
    <subfield code="d">2022-12-12</subfield>
    <subfield code="e">Donaci&#xF3;n</subfield>
    <subfield code="g">100.00</subfield>
    <subfield code="o">985.019/O82T</subfield>
    <subfield code="p">SH0000016488</subfield>
    <subfield code="r">2022-12-12</subfield>
    <subfield code="w">2022-12-12</subfield>
    <subfield code="y">LIBROS</subfield>
  </datafield>
</record>
